000 00766nam a2200229Ii 4500
003 JO-AjNU
008 230605s9999||||xx |||||||||||||| ||und||
017 _a2011/6/2407
020 _a978-9957-19-041-5
040 _aJO-AjNU
_bara
_erda
_cJO-AjNU
041 _aara
050 1 4 _aPJ7521.M36 2011
100 3 _aعرار، مصطفى وهبي التل... وآخرون؛ مراجعة وتقديم فخري صالح,
_eauthor
_946230
245 0 0 _aمنارات ثقافية
250 _aط1
264 3 1 _aعمان: مؤسسة عبد الحميد شومان، 2011
300 _a158ص
336 _atext
_btxt
_2rdacontent
337 _aunmediated
_bn
_2rdamedia
338 _avolume
_bnc
_2rdacarrier
650 4 _aالادباء العرب - تراجم
_946231
999 _aA20096
_c23664
_d23664